00582nam a22002057a 450000500170000001000130001702000230003003500130005303700160006604000120008208200130009410000150010724500520012226000360017427000500021030000210026050000190028165000340030065000420033420170124110107.0 aA-456650 c130.00a8185445087 aA-456650 bCen Lib/Ret aDPLbEN a921bRAO aRao, K. N. aChandra shekhar :cby K. N. Raobthe survivor / aDelhibManak Publicationsc1991 bDelhiaA-31/4C, Shastri Marg, Maujpure110053 a138p. c22cm(Hb) aIncludes index aChandra Shekhar, -- 1927-2007 aPrime ministers -- India -- Biography